|
|
|
|
| LEADER |
00000cam a2200000 7i4500 |
| 001 |
0000119032 |
| 005 |
20160622.0 |
| 008 |
160622t20152015my f i0010 ba |
| 020 |
|
|
|a 9789674184049
|
| 040 |
|
|
|a PERPUSTAM
|b eng
|c PERPUSTAM
|
| 090 |
0 |
0 |
|a 297.57082
|b SAA
|
| 100 |
1 |
|
|a Saad Eldin Mansour Mohammad, ,
|e author.
|
| 245 |
1 |
0 |
|a Al-mar'ah al-muslimah wa al-mustajaddat al-muasirah :
|b rukyah min nafizah al-sunnah
|c Saad Eldin Mansour Mohammad
|
| 250 |
|
|
|a Edisi pertama
|
| 264 |
|
1 |
|a Gombak, Selangor :
|b IIUM Press
|c 2015
|
| 300 |
|
|
|a 133 pages ;
|c 25 cm.
|
| 336 |
|
|
|a text, rdacontent
|
| 337 |
|
|
|a unmediated
|2 rdamedia
|
| 338 |
|
|
|a volume
|2 rdacarrier
|
| 650 |
0 |
0 |
|a Muslim women
|x Conduct of life
|
| 650 |
0 |
0 |
|a Women in Islam
|
| 999 |
|
|
|a 0000401638
|b Buku
|c Rak Terbuka
|e Perbadanan Perpustakaan Awam Melaka
|
| 999 |
|
|
|a 0000401639
|b Buku
|c Rak Terbuka
|e Perpustakaan Cawangan Jasin
|
| 999 |
|
|
|a 0000401640
|b Buku
|c Rak Terbuka
|e Perpustakaan Cawangan Masjid Tanah
|
| 999 |
|
|
|a 0000401641
|b Buku
|c Rak Terbuka
|e Perpustakaan Cawangan Merlimau
|
| 999 |
|
|
|a 0000401642
|b Buku
|c Rak Terbuka
|e Perbadanan Perpustakaan Awam Melaka
|
| 999 |
|
|
|a 0000401643
|b Buku
|c Rak Terbuka
|e Perbadanan Perpustakaan Awam Melaka
|
| 999 |
|
|
|a 0000401644
|b Buku
|c Rak Terbuka
|e Perbadanan Perpustakaan Awam Melaka
|
| 999 |
|
|
|a 0000401645
|b Buku
|c Rak Terbuka
|e Perbadanan Perpustakaan Awam Melaka
|
| 999 |
|
|
|a 0000401646
|b Buku
|c Rak Terbuka
|e Perpustakaan Komuniti UTC Melaka
|